Presidents who Served in the Military - Statistics

General Stats
  • This quiz has been taken 49 times
  • The average score is 27 of 31
Answer Stats
Picture Hint Answer % Correct
Major General Andrew Jackson
100%
Lieutenant (Jr. Grade) George H.W. Bush
100%
Major General/Commander in Chief George Washington
100%
Lieutenant George W. Bush
100%
Lieutenant John F. Kennedy
100%
Militia Captain Abraham Lincoln
97%
Lieutenant Jimmy Carter
97%
Lieutenant Commander Lyndon B. Johnson
97%
Commander Richard Nixon
97%
Captain Ronald Reagan
97%
Colonel Thomas Jefferson
97%
General Ulysses S. Grant
97%
Brigadier General Andrew Johnson
94%
First Supreme Allied Commander of the North Atlantic Treaty Organization Dwight D. Eisenhower
94%
Colonel Theodore Roosevelt
94%
Colonel Harry S. Truman
91%
Lieutenant Commander Gerald Ford
88%
Brevet Brigadier General of Volunteers Benjamin Harrison
84%
Major General Rutherford B. Hayes
84%
Major General William Henry Harrison
84%
Brigadier General Chester A. Arthur
78%
Colonel James Madison
78%
Lieutenant Colonel James Monroe
78%
Major General Zachary Taylor
78%
Brigadier General Franklin Pierce
75%
Major General James A. Garfield
75%
Private James Buchanan
72%
Colonel James K. Polk
72%
Captain John Tyler
72%
Brevet Major William McKinley
72%
Major of the Union Continentals Millard Fillmore
69%
No matching quizzes found
Score Distribution
Percent of People with Each Score
Percentile by Number Answered
Your Score History
You have not taken this quiz